| 000 | 00561nam a2200193Ia 4500 | ||
|---|---|---|---|
| 003 | OSt | ||
| 005 | 20240808111411.0 | ||
| 008 | 210210b1985 xxu||||| |||| 00| 0 eng d | ||
| 040 | _cAL | ||
| 041 | _akan | ||
| 082 | _a338.954K SHAB | ||
| 100 |
_aSHARANAPPA (S). _9165728 _d ಶರಣಪ್ಪ (ಎಸ್) |
||
| 245 |
_aBharatada arthika vyavasthe: _bಭಾರತದ ಆರ್ಥಿಕ ವ್ಯವಸ್ಥೆ |
||
| 260 |
_aTipaturu _bNarendra Prakashana _c1985 |
||
| 300 | _a357 | ||
| 690 |
_aIndian Economics _9165729 |
||
| 906 | _a037315 | ||
| 942 |
_2ddc _cBK |
||
| 999 |
_c87797 _d87797 |
||